000 00737nam a2200265Ia 4500
003 OSt
005 20221006150823.0
006 a|||||r|||| 00| 0
007 ta
008 221006b |||||||| |||| 00| 0 jpn d
020 _c¥4200
024 _a19,904
037 _bGift, Japan Foundation
_cTextual
040 _aEASL
_cEASL
_bjpn
041 _2jpn
_ajpn
082 _aW.42.M68, L9
100 _aKONISHI Shiro etc. Ed.
_9657698
245 0 _aMeiji kokka no kenryoku to shiso
260 _aTokyo
_bYoshikawa Kobunkan Japan
_c1979
300 _a1150p.
_ccm.
490 _v JL
650 _aJL
942 _hW.42.M68, L9
_cTEXL
_2CC
999 _c1087990
_d1087990